| 000 | 01560nam a2200373 a 4500 | ||
|---|---|---|---|
| 001 | ebr10676335 | ||
| 003 | CaPaEBR | ||
| 006 | m u | ||
| 007 | cr cn||||||||| | ||
| 008 | 090128s2009 nyu sb 001 0 eng d | ||
| 010 | _z 2009003884 | ||
| 020 | _z9781606929414 (softcover) | ||
| 020 | _z9781614704829 (e-book) | ||
| 040 |
_aCaPaEBR _cCaPaEBR |
||
| 035 | _a(OCoLC)847617129 | ||
| 050 | 1 | 4 |
_aRK55.S53 _bS88 2009eb |
| 082 | 0 | 4 |
_a617.6/01 _222 |
| 100 | 1 | _aSutthavong, Sirikarn. | |
| 245 | 1 | 0 |
_aOral health care in systemic diseases _h[electronic resource] / _cSirikarn Sutthavong, Pornchai Jansisyanont and Atik Sangasapaviriya. |
| 260 |
_aHauppauge N.Y. : _bNova Science Publishers, _cc2009. |
||
| 300 | _a106 p. | ||
| 500 | _a"Nova biomedical." | ||
| 504 | _aIncludes bibliographical references and index. | ||
| 505 | 0 | _aCardiovascular diseases -- Comprehensive considerations for dental care in CVD -- Diabetes mellitus -- Head and neck cancer -- AIDS. | |
| 533 |
_aElectronic reproduction. _bPalo Alto, Calif. : _cebrary, _d2013. _nAvailable via World Wide Web. _nAccess may be limited to ebrary affiliated libraries. |
||
| 650 | 0 |
_aSick _xDental care. |
|
| 650 | 0 | _aOral manifestations of general diseases. | |
| 650 | 0 |
_aMouth _xCare and hygiene. |
|
| 655 | 7 |
_aElectronic books. _2local |
|
| 700 | 1 | _aJansisyanont, Pornchai. | |
| 700 | 1 | _aSangasapaviriya, Atik. | |
| 710 | 2 | _aebrary, Inc. | |
| 856 | 4 | 0 |
_uhttp://site.ebrary.com/lib/rucke/Doc?id=10676335 _zAn electronic book accessible through the World Wide Web; click to view |
| 999 |
_c58682 _d58682 |
||